Landy Niemiec i Austrii - Statystyki

Ogólne statystyki
  • Ten quiz został rozwiązany 82 razy
  • Średni wynik to 18 z 25
Statystyki odpowiedzi
Państwo Landy % Poprawnych
Austria Wiedeń
95%
Niemcy Berlin
91%
Niemcy Bawaria
84%
Niemcy Hamburg
84%
Niemcy Saksonia
84%
Austria Tyrol
84%
Niemcy Brema
81%
Niemcy Brandenburgia
77%
Niemcy Nadrenia Północna/Westfalia
77%
Niemcy Saara
77%
Austria Salzburg
77%
Austria Dolna Austria
74%
Austria Górna Austria
74%
Niemcy Meklemburgia/Pomorze Przednie
74%
Niemcy Nadrenia/Palatynat
74%
Niemcy Turyngia
72%
Niemcy Badenia/Wirtembergia
70%
Niemcy Hesja
67%
Niemcy Szlezwik/Holsztyn
67%
Niemcy Dolna Saksonia
65%
Niemcy Saksonia Anhalt
65%
Austria Burgenland
60%
Austria Styria
53%
Austria Karyntia
51%
Austria Vorarlberg
40%
Nie znaleziono quizów pasujących do podanych kryteriów
Rozkład punktacji
Procent ludzi z każdym wynikiem
Percentyl według liczby udzielonych odpowiedzi
Twoja historia wyników
Nie rozwiązałeś tego quizu